000 00808cam a22002533a 4500
001 6176
003 PGUSA
005 20140828083129.0
008 040701s2004||||xxu|||||s|||||000 1 eng d
040 _aPGUSA
_beng
042 _adc
050 4 _aPS
100 1 _aParker, Gilbert,
_d1862-1932
245 1 0 _aPierre and His People :
_bTales of the Far North. Volume 3.
_h[electronic resource] /
_cGilbert Parker
260 _bProject Gutenberg,
_c2004
505 0 _aShon McGann's tobogan ride -- Père Champagne -- The Scarlet Hunter -- The stone.
506 _aPublic domain in the USA.
516 _aElectronic text
653 _aCanada, Northern -- Fiction
653 _aShort stories, Canadian
830 0 _aProject Gutenberg
_v6176
856 4 0 _uhttp://www.gutenberg.org/ebooks/6176
942 _cEB
999 _c235499
_d235499